000 00846nmm a2200265 a 4500
001 ocm000702109
003 TR-IsHL
005 20201028135136.0
008 131203s2010 tu tur
007 cr cn
035 _a702109
_b(N$T)
050 0 4 _aPL248.D46
_bİ9 2010
090 0 4 _aPL248.D46
_bİ9 2010
100 1 _aDemir, Hasan
245 1 0 _aİyiler ve kötüler
_h[electronic resource] /
_cHasan Demir ; editör Derya Günay
260 _aİstanbul :
_bBirleşik Yayın Grubu,
_c2010
300 _a64 p.
650 4 _aDil ve Edebiyat
650 4 _aLanguage and Literature
650 0 _aTürk romanı
650 0 _aTurkish fiction
650 7 _aLITERARY COLLECTIONS / Middle Eastern
_2bisacsh
700 1 _aGünay, Derya
856 4 0 _uhttp://search.ebscohost.com/login.aspx?direct=true&scope=site&db=e011xww&AN=702109
999 _c6582
_d6582